000 00751nam a2200253Ia 4500
003 OSt
005 20220912150443.0
006 a|||||r|||| 00| 0
007 ta
008 220909b |||||||| |||| 00| 0 eng d
024 _a21441
037 _cTextual
040 _aCSL
_beng
_cCSL
041 _aeng
082 _aB2893P,2, L6
100 _aBertsekas Dimitri P
245 0 _aDynamic programming and stocahstic control
260 _aNew York
_b Academic Press
_c1976
300 _axv, 395p.
_ccm.
490 _aMathematics in science and engineering: a series of monographs and textbooks; 125
650 _aDynamic programming
942 _hB2893P,2, L6
_cTEXL
_2CC
999 _c47715
_d47715